000
00216nam a22001097a 4500
040
_c
HS
082
_a
428
100
_a
JOHN SYDES
245
_a
Tech Talk
260
_a
Oxford university
_b
JOHN SYDES
_c
2010
942
_c
EK
999
_c
8466
_d
8466